000 00433 a2200121 4500
001 ART_7740
005 20260410161555.0
008 260409a
245 1 0 _aServicios para brindar confiabilidad sobre información contable social y ambiental
100 1 _aCanetti, Miguel Marcelo
700 1 _aRodríguez de Ramírez, María del Carmen
773 0 _tProfesional & Empresaria
_g- Año X, Nº 111 (dic. 2008)
_wREV70
999 _c9183
_d9183